00545 2200217 4500001002100000005001500021035002000036007000300056008004100059020002200100082001400122084002000136100002100156245003900177250001500216260003400231300002500265700001500290600001000305990001200315INLIS00000000000000220230626113410 a0010-0623000002ta230626 0  a978-602-279-053-2 a899.221 3 a899.221 3 HAR c0 aHaris Firmansyah1 aCireng Forever /cHaris Firmansyah aed 1 cet 1 aYogyakarta :bde Teens,c2013 a232 :bilus ;c25 cm0 aFunny Team 4aNovel a17.0002